[Event "Grenke Chess Classic 5th"]
[Site "Karlsruhe/Baden-Baden"]
[Date "2018.04.07"]
[Round "7"]
[White "Naiditsch, Arkadij"]
[Black "Carlsen, Magnus"]
[Result "0-1"]
[WhiteElo "2701"]
[BlackElo "2843"]
[Annotator "Quintiliano,Renato"]
[PlyCount "84"]
[EventDate "2018.03.31"]
[EventType "tourn"]
[EventRounds "9"]
[EventCountry "GER"]
[EventCategory "20"]
[SourceTitle "CBM 184"]
[Source "ChessBase"]
[SourceDate "2018.05.16"]
[SourceVersion "1"]
[SourceVersionDate "2018.05.16"]
[SourceQuality "1"]

1. e4 c5 2. Nf3 d6 3. d4 cxd4 4. Nxd4 Nf6 5. Nc3 a6 6. g3 {For some reason, games between Carlsen and Naiditsch tend to be very interesting and complicated. This time, however, Naiditsch aims for a more quiet, positional struggle.} e5 7. Nb3 {A less played, but still interesting option.} (7. Nde2 {is the main move, White plans to improve this knight by means of d5 followed by ec3 or h3-g4-g3.}) 7... Be7 8. Bg2 (8. a4 {a normal move to keep Black's queenside under control, but not a good one in this case, as Black can play} Nc6 $1 {[%csl Gb4][%cal Yc6b4] and with the b4-square available to this knight, Black establishes a firm control over d5} 9. Bg2 Nb4 10. Bg5 Be6 11. O-O Rc8 {Black's development not only protects the important point d5, but exerts pressure against the c-file; d5 is also prevented} 12. a5 {[%cal Ya1a4]} Qd7 $1 {0-1 Guo,A (2219)-Quintiliano Pinto,R (2451) SPICE Cup Open 2017 (4.18) and Black is fine -} 13. Ra4 $2 Nxc2 $1) 8... O-O 9. O-O Be6 ({Some recent games proved that} 9... b5 $5 {is also playable} 10. Nd5 $5 (10. a4 {used to be considered favourable for White, but times and evaluations change} b4 11. Nd5 Nxd5 12. Qxd5 Ra7 13. Be3 Be6 14. Qd3 Ra8 $5 {the best way to avoid problems with the a6-pawn under attack in many variations} 15. f4 Qc7 16. Nd2 a5 $1 {[%cal Yb8a6,Ya6c5];0-1 Hou,Y (2652)-Grischuk,A (2750) Moscow FIDE GP 2017 (5) and Black is ok -}) 10... Nxd5 11. Qxd5 Ra7 12. Be3 Be6 13. Qd2 Ra8 14. a4 (14. Na5 $5) 14... Nc6 15. axb5 axb5 16. Rxa8 Qxa8 17. Ra1 Qb7 $11 {½-½ Naiditsch,A (2710)-Vidit,S (2693) ESP-chT CECLUB Honor 2017 (6.2)}) 10. Re1 {[%csl Gd5][%cal Yb3d2,Yd2f1,Yf1e3] Preparing the standard manoeuvre d2-f1-e3, typical in such positions.} ({Naiditsch had also played the main move} 10. a4 Nbd7 (10... Nc6 $6 {is not so strong now due to the direct} 11. Nd5 $1) 11. Re1 {now White goes for the same plan without the queenside expansion for Black, but the time spent on the move a4 allows a good idea. It is nice to remember the line} (11. a5 {doesn't really prevent Black's counterplay on the queenside} Qc7 12. Re1 Rfc8 13. h3 h6 14. Be3 b5 $1 15. axb6 Nxb6 {[%cal Yb6c4]} 16. Na5 Nc4 17. Nxc4 Bxc4 $11 {½-½ Leko,P (2740)-Topalov,V (2801) Corus Wijk aan Zee 2006 (13)}) 11... Qc7 12. Nd2 Bd8 $1 {[%cal Yd8a5,Ya5e1] a very nice plan, Black is improving his bad bishop and at the same time preventing White from using the d5-square} 13. Nf1 Qc5 14. Ne3 ({Naiditsch's game went} 14. h3 Ba5 15. Be3 Qc7 16. Bd2 Rac8 17. Ne3 {1-0 Naiditsch,A (2684)-Sunilduth Lyna,N (2536) Douglas IoM op 2016 (8)} Bxc3 $1 18. Bxc3 Nc5 {[%csl Ye4] and Black is fine, for example} 19. Nd5 $2 Nxd5 20. exd5 Bd7 {[%csl Ya4]} 21. a5 Na4 22. Re3 f5 $1 $36) 14... Ba5 15. Bd2 Rac8 {½-½ Wei,Y (2706)-Giri,A (2798) Tata Steel-A 78th 2016 (5) and Black had no problems in}) 10... Nbd7 11. Nd2 ({White had the chance to transpose to the last move's previous lines with} 11. a4) ({RR} 11. a4 Nb6 12. Nd2 Rc8 13. Nf1 d5 14. exd5 Nbxd5 15. Nxd5 Nxd5 16. c3 Bc5 17. Ne3 Bxe3 18. Bxe3 f6 19. a5 Nxe3 20. Rxe3 Qc7 21. Rd3 Rfd8 22. Be4 g6 23. Bd5 Bxd5 24. Rxd5 Kg7 25. Ra4 Rxd5 {Ponomariov,R (2741)-Cheparinov,I (2710) Leon 2012 ½-½}) ({RR} 11. a4 b6 12. Nd2 Rb8 13. Nf1 b5 14. axb5 axb5 15. Ne3 Re8 16. Bd2 Qc8 17. Qe2 b4 18. Ncd5 Nc5 19. Ra7 Rb7 20. Rxb7 Qxb7 21. Nxf6+ Bxf6 22. b3 Nxe4 23. Nc4 d5 24. Bxe4 Qc7 25. Ne3 dxe4 {Pranav,V (2597)-Robson,R (2687) Chennai IND 2025 ½-½ (35)}) 11... b5 $1 {Although in the positions in which White avoids this move Black is also ok, allowing it looks even worse for me. Black simply has no problems and now has more space and possibilities on the queenside.} 12. Nf1 Bg4 $146 {Carlsen shows excellent understanding of this position, this move provokes weaknesses in the dark squares in White's camp, besides making the g2 (even more) bad.} (12... Nb6 {was played by a Najdorf specialist and also gave a nice position to Black} 13. Ne3 b4 14. Ncd5 Nfxd5 15. exd5 Bd7 16. Bd2 a5 17. a3 bxa3 18. Rxa3 a4 19. Bb4 Qb8 20. c3 Bg5 21. Ra1 f5 $36 {0-1 Balogh,C (2648)-Wojtaszek,R (2715) HUN-POL m Budapest 2014 (4.6)}) ({RR} 12... b4 13. Na4 Qc7 14. b3 Qc6 15. Bb2 Rfd8 16. c4 bxc3 17. Bxc3 Rdc8 18. Rc1 Qb7 19. Qd3 d5 20. exd5 Bxd5 21. Bh3 Rc7 22. Ba5 Rxc1 23. Rxc1 Bc6 24. Qc4 Bb5 25. Bg2 e4 26. Qc7 Qxc7 27. Bxc7 {Valls Marti,A (2181)-Alonso Moyano,J (2342) Barcelona 2022 1-0 (75)}) ({RR} 12... Rc8 13. Ne3 Nb6 14. Ncd5 Nfxd5 15. exd5 Bd7 16. c3 Bg5 17. Nc2 Bxc1 18. Rxc1 Na4 19. Rb1 a5 20. Ne3 Qb6 21. Qd2 f5 22. f4 Rfe8 23. Kh1 b4 24. fxe5 Rxe5 25. Bf1 Qb7 26. c4 Nc5 27. Ng2 {Faibisovich,V (2302)-Zanan,E (2486) Riga 2019 0-1 (57)}) 13. f3 (13. Qd2 {looks very unnatural, but it is probably better as White keeps his position untouched, and e3 is coming in the next move, then he will be able to correctly replace the queen.}) 13... Be6 14. Ne3 Rc8 15. a3 (15. a4 $5 b4 16. Ncd5 Bxd5 17. exd5 (17. Nxd5 Nxd5 18. exd5 Bg5 $1 {is a typical idea, looking to endgames in which the knight will be much superior to the light-squared bishop}) 17... Rc5 $132 {[%cal Yd7b6,Gd8c7,Yd8a8]}) 15... Nb6 {Black has solved the positional problem of d5: White is not able to place his knights there and recapture with a piece, which would be the ideal plan.} 16. f4 $5 {Necessary to prevent d5.} (16. Bd2 d5 $1 17. exd5 Nfxd5 18. Nexd5 Nxd5 19. Rxe5 Bf6 {[%csl Yc3] and Black regains the pawn with a better structure} 20. Re1 Qb6+ 21. Kh1 Nxc3 22. bxc3 Bxc3 23. Bxc3 Rxc3 $17 {[%csl Ga3,Gc2][%cal Yf8d8]}) 16... Re8 (16... exf4 17. gxf4 Re8 $15 {also seems easier for Black due to White's unstable centre.}) 17. Kh1 Bf8 18. f5 $1 {Black was ready to take on f4 and exert pressure against White's centre.} Bd7 19. Qd3 {White should keep an eye on d5. The position remains balanced.} (19. Bd2 Bc6 20. Rc1 d5 $1 {is very good for Black.}) 19... h6 20. b3 ({Against the direct} 20. Bd2 {Naiditsch was maybe worried about} Nc4) 20... Bc6 21. Bd2 Qc7 22. Rac1 Qb7 {Carlsen has improved the queen and is looking for ideas with d6-d5 or pressure against the e4-pawn.} 23. Ned5 (23. Rcd1 Nbd7 $1 {[%cal Yd7c5] would force a similar position to the game} 24. Ncd5 Bxd5 25. exd5 (25. Nxd5 Nxd5 26. exd5 Be7 $1 {[%cal Ye7g5]}) {but here Blackalso has the interesting idea} 25... Be7 $5 {[%cal Ye7d8,Yd8b6]}) 23... Bxd5 24. exd5 Nbd7 $1 {[%cal Yd7c5] After the exchange on d5 the kinight is misplaced on b6, so Carlsen hurries to improve it, via c5.} 25. Nd1 {[%cal Yd2b4,Gd1e3] White is also trying to improve his pieces.} (25. Ne4 $5) 25... e4 $5 {Looking for complications, although Black had another idea which was very good.} (25... Be7 $1 {[%cal Ye7d8,Yd8b6] would be simple and good} 26. Nf2 (26. Bb4 e4 $1 {[%csl Yd5]} 27. Bxe4 a5 $1 $19 {[%cal Gd7c5]}) 26... Bd8 27. g4 $5 Bb6 $1 28. Ne4 Nxe4 29. Bxe4 Bf2 $1 30. Re2 Bh4 $15 {[%cal Yh4g5,Gd7c5,Yb7e7] with a pleasant position.}) 26. Qd4 (26. Bxe4 $4 Nc5 $19) 26... Ne5 {The only continuation that makes sense for Black.} (26... Qxd5 {is harmless} 27. Qxd5 Nxd5 28. Bxe4 N5f6 29. Bb7 Rxe1+ 30. Bxe1 Rb8 31. Bg2 $11 (31. Bxa6 $2 Nc5 {[%csl Ga6]})) 27. Nf2 $2 {After this move White has problems.} (27. Nc3 $1 {would be better, keeping d5 protected} Nf3 $1 28. Bxf3 exf3 29. Rxe8 Rxe8 30. Qf4 $1 a5 {[%cal Yb5b4]} 31. b4 $1 (31. Qxf3 b4 32. axb4 axb4 33. Na2 Ne4 $1 34. Bxb4 Qxd5 35. Rf1 Qb7 $44 {[%cal Yd6d5]}) 31... axb4 32. axb4 Rc8 $1 33. Qxf3 Rc4 $132 {and the position is unclear}) 27... Nf3 $1 28. Bxf3 exf3 {[%csl Yd5] The d5-pawn hanging forces White to expose his structure even more.} 29. c4 bxc4 30. bxc4 Re5 $1 {A very practical and strong move.} (30... Rxe1+ 31. Bxe1 (31. Rxe1 Qb3 {[%csl Ra3,Rc4]}) 31... Re8 32. Kg1 Nd7 $17 {[%cal Yd7e5] is also very unpleasant for White.}) 31. Re3 (31. Rxe5 $2 dxe5 32. Qxe5 Bxa3 $19) 31... Rxe3 (31... Rxf5 32. Qd3 {[%cal Ye3f3]}) 32. Qxe3 (32. Bxe3 Re8 {with the dangerous threat b3} 33. Qc3 Qe7 34. Re1 {Black has a beautiful idea here} Ne4 $3 {seemingly falling into a trap} 35. Nxe4 Qxe4 36. Bf2 Qxf5 $1 37. Rxe8 Qh3 $1 {[%csl Rg2] and it is mate} 38. Qxf3 Qf1+ 39. Bg1 Qxf3#) 32... Qb2 $1 {The queen's invasion is very unpleasant and puts White under serious pressure. xd5 is already a threat.} 33. Nd3 (33. Qc3 Qa2 34. Qd3 (34. Kg1 Nxd5 $1 35. Qxf3 Qxd2 36. Rd1 Qc3 37. Qxd5 Rxc4 $17) 34... Rb8 $19 {[%cal Yb8b3,Yb8b2] the rook also comes and White can't avoid material losses.}) 33... Qxa3 34. Qxf3 Qa2 $17 {White's position is collapsing, and the time trouble is just an additional problem.} 35. Bc3 (35. Qd1 {is not better:} Rxc4 36. Ra1 Qc2) 35... Rxc4 (35... Nd7 $5) 36. Ra1 Qb3 37. Bxf6 gxf6 38. Kg2 $2 (38. Qd1 $1 {would had offered better chances:} Qb5 39. Nf4 a5 $17) 38... Rc3 39. Rd1 (39. Qg4+ Bg7 40. Nf4 {doesn't work:} Qb2+ 41. Kh3 Qxa1 42. Nh5 Qf1+ 43. Kh4 Rc4 $19) 39... h5 $1 {One last touch of precision by the World Champion: g4+ is not possible now.} 40. Kh3 Bh6 $19 {The time control was reached, but it just enough to realise that White's position is hopeless and lost.} 41. Re1 (41. Qxh5 Rxd3 42. Rxd3 Qxd3 43. Qxh6 Qxf5+ 44. Kg2 (44. Kh4 Qg5+ $1 45. Qxg5+ fxg5+ 46. Kxg5 a5 $19) 44... Qg5 45. Qh3 Qxd5+ 46. Kf2 Qd4+ 47. Ke2 a5 $19 {the endgame is a simple win for Black.}) 41... Rxd3 42. Qxh5 Re3 {If 43. c1 xg3! A typical strategic win by Carlsen, building a sound position, taking the right opportunity to create some complications that lead to new weaknesses in his opponent's camp, then exploiting them very convincingly.} 0-1

[Event "Grenke Chess Classic 5th"]
[Site "Karlsruhe/Baden-Baden"]
[Date "2018.04.08"]
[Round "8"]
[White "Carlsen, Magnus"]
[Black "Vitiugov, Nikita"]
[Result "1/2-1/2"]
[WhiteElo "2843"]
[BlackElo "2735"]
[PlyCount "129"]
[EventDate "2018.03.31"]
[EventType "tourn"]
[EventRounds "9"]
[EventCountry "GER"]
[EventCategory "20"]
[SourceTitle "CBM 184"]
[Source "ChessBase"]
[SourceDate "2018.05.16"]
[SourceVersion "1"]
[SourceVersionDate "2018.05.16"]
[SourceQuality "1"]

1. e4 e5 2. Nf3 Nc6 3. Bb5 a6 4. Ba4 Nf6 5. d3 b5 6. Bb3 Bc5 7. c3 O-O 8. O-O Re8 9. Re1 h6 10. Nbd2 Bb6 11. Nf1 d6 12. Ng3 $146 ({RR} 12. Be3 Bxe3 13. Nxe3 Ne7 14. Bc2 Ng6 15. d4 exd4 16. Nxd4 Bb7 17. f3 d5 18. exd5 Nf4 19. Nc6 Qd6 20. Nf5 Qc5+ 21. Qd4 Qxd4+ 22. Nfxd4 N4xd5 23. Na5 Rxe1+ 24. Rxe1 Bc8 25. c4 Nb4 26. Bb1 bxc4 {Samoun,F (2228)-Basso,P (2443) Skalica 2020 0-1 (48)}) ({RR} 12. Be3 Bxe3 13. Nxe3 Ne7 14. Bc2 Ng6 15. d4 exd4 16. Nxd4 Bb7 17. f3 d5 18. exd5 Nf4 19. Nc6 Qd6 20. Nf5 Qc5+ 21. Qd4 Qxd4+ 22. Nfxd4 N4xd5 23. Na5 Rxe1+ 24. Rxe1 Bc8 25. c4 Nb4 26. Bb1 bxc4 {Samoun,F (2228)-Basso,P (2443) Skalica 2020 0-1 (48)}) 12... Be6 13. h3 Bxb3 14. axb3 d5 15. Qe2 Bc5 16. b4 Bf8 17. Nd2 a5 18. bxa5 Rxa5 19. Rxa5 Nxa5 20. exd5 Qxd5 21. Nde4 Nxe4 22. dxe4 Qc4 23. Qf3 Qe6 24. Nf5 Nc4 25. h4 Kh7 26. h5 g6 27. Ne3 Nxe3 28. hxg6+ fxg6 29. Bxe3 Bd6 30. Qe2 Qc4 31. Qxc4 bxc4 32. Ra1 Rb8 33. Bc1 Rb6 34. Ra4 Rc6 35. Be3 h5 36. Kf1 Kg7 37. Ke2 Kf6 38. Kd1 Ke6 39. Kc2 Be7 40. f3 Bh4 41. Ra5 Bg3 42. Bc5 g5 43. Bb4 g4 44. fxg4 hxg4 45. Ra8 Kf7 46. Rc8 Bf4 47. Kd1 Kg7 48. Ke2 Kf7 49. Rf8+ Kg7 50. Rd8 Kf7 51. Kf2 Kg7 52. Rd7+ Kf6 53. g3 Bc1 54. Rd1 Bg5 55. Ke2 Ke6 56. Rh1 Ra6 57. Ba3 Rb6 58. Rh7 Rb7 59. Kd1 Rb8 60. Kc2 Rd8 61. Rg7 Rd2+ 62. Kc1 Bf6 63. Kxd2 Bxg7 64. Bc5 Kd7 65. Be3 1/2-1/2

[Event "Grenke Chess Classic 5th"]
[Site "Karlsruhe/Baden-Baden"]
[Date "2018.04.09"]
[Round "9"]
[White "Anand, Viswanathan"]
[Black "Carlsen, Magnus"]
[Result "1/2-1/2"]
[WhiteElo "2776"]
[BlackElo "2843"]
[PlyCount "81"]
[EventDate "2018.03.31"]
[EventType "tourn"]
[EventRounds "9"]
[EventCountry "GER"]
[EventCategory "20"]
[SourceTitle "CBM 184"]
[Source "ChessBase"]
[SourceDate "2018.05.16"]
[SourceVersion "1"]
[SourceVersionDate "2018.05.16"]
[SourceQuality "1"]

1. e4 c5 2. Nf3 d6 3. d4 cxd4 4. Nxd4 Nf6 5. Nc3 Nc6 6. Bg5 e6 7. Qd2 a6 8. O-O-O Bd7 9. f3 Nxd4 10. Qxd4 Be7 11. Kb1 b5 12. Bxf6 $146 ({RR} 12. Qd2 b4 13. Ne2 h6 14. Be3 e5 15. Ng3 Qa5 16. Bc4 Be6 17. Bb3 Qb5 18. Nf5 Bxf5 19. exf5 a5 20. Bd5 Rc8 21. g4 a4 22. h4 a3 23. Bb3 axb2 24. g5 Nd7 25. g6 fxg6 26. fxg6 Rf8 {Alvarez Albiol,V (2159)-Kaganskiy,G (2172) chess.com INT 2023 1-0 (51)}) ({RR} 12. h4 Rb8 13. g4 b4 14. Ne2 a5 15. Ng3 Qc7 16. Be3 Rc8 17. Rh2 d5 18. e5 O-O 19. Ba6 Ra8 20. Bd3 Rfc8 21. Qf4 Ne8 22. g5 Bc5 23. Bxc5 Qxc5 24. h5 Bb5 25. Bxh7+ Kxh7 26. g6+ fxg6 {Carlsen,M (2859)-Maghsoodloo,P (2719) Almaty KAZ 2022 1-0}) ({RR} 12. h4 h6 13. Be3 h5 14. Ne2 a5 15. Nc1 b4 16. Bc4 Qc7 17. Rd2 a4 18. Be2 Rb8 19. Qa7 Qxa7 20. Bxa7 Rb7 21. Be3 d5 22. e5 Ng8 23. Bd4 Bb5 24. Bd1 Nh6 25. g4 hxg4 26. fxg4 O-O {Sharma,I (2230)-Turzo,A (2248) Budapest HUN 2025 0-1 (65)}) ({RR} 12. g4 h5 13. gxh5 Nxh5 14. Bxe7 Qxe7 15. Rg1 Bc6 16. Qxd6 Qxd6 17. Rxd6 Rc8 18. a4 Ke7 19. Rd4 Nf4 20. axb5 axb5 21. Rd2 b4 22. Na2 Rb8 23. Bc4 Ng6 24. Rg5 Rb6 25. Rc5 Kf6 26. b3 Ne5 {Anand,V (2751)-Topalov,V (2730) Stavanger 2022 1-0 (41)}) ({RR} 12. h4 Qc7 13. Qd2 b4 14. Ne2 Rc8 15. c4 h6 16. Be3 Qxc4 17. Nd4 Qc7 18. Bxa6 Ra8 19. Rc1 Qa5 20. Bc4 O-O 21. Bb3 Ra6 22. g4 Rfa8 23. g5 Nh5 24. g6 Bf8 25. gxf7+ Kxf7 26. Rhg1 Nf6 {Jarocka,L (2143)-Malek,J (2376) Bialystok POL 2022 ½-½ (113)}) 12... gxf6 13. Ne2 Rc8 14. Qd2 Qb6 15. Nf4 h5 16. g3 Rc7 17. Bd3 Kd8 18. c3 Kc8 19. Bc2 Kb8 20. a3 a5 21. Bb3 Rb7 22. Nd3 Bc6 23. Rhe1 Rd8 24. f4 d5 25. exd5 exd5 26. Ka1 Bf8 27. Rc1 Ka7 28. Ba2 Rc7 29. Red1 Bb7 30. Ne1 d4 31. Nc2 d3 32. Nd4 Bc5 33. Qxd3 Bxd4 34. cxd4 Rxd4 35. Qe2 Rxc1+ 36. Rxc1 b4 37. Bxf7 h4 38. Qe3 Rd7 39. Qxb6+ Kxb6 40. Be6 Rd2 41. gxh4 1/2-1/2

[Event "Gashimov Memorial 5th"]
[Site "Shamkir"]
[Date "2018.04.20"]
[Round "2"]
[White "Carlsen, Magnus"]
[Black "Navara, David"]
[Result "1/2-1/2"]
[WhiteElo "2843"]
[BlackElo "2745"]
[PlyCount "99"]
[EventDate "2018.04.19"]
[EventType "tourn"]
[EventRounds "9"]
[EventCountry "AZE"]
[EventCategory "21"]
[SourceTitle "CBM 184"]
[Source "ChessBase"]
[SourceDate "2018.05.16"]
[SourceVersion "1"]
[SourceVersionDate "2018.05.16"]
[SourceQuality "1"]

1. e4 c6 2. d4 d5 3. e5 Bf5 4. Nd2 e6 5. Nb3 Nd7 6. Nf3 a6 7. Be2 c5 8. c3 h6 9. dxc5 ({RR} 9. O-O c4 10. Nbd2 b5 11. Ne1 Ne7 12. Nc2 Bh7 13. f4 h5 14. g3 Bxc2 15. Qxc2 g6 16. Nf3 Nf5 17. Bd2 Be7 18. Kg2 Nb6 19. h3 h4 20. g4 Ng3 21. Rfe1 a5 22. Bd1 b4 23. Qc1 Qd7 {Caruana,F (2777)-Carlsen,M (2837) Zagreb CRO 2025 0-1 (57)}) 9... Bxc5 10. Nxc5 Nxc5 11. Be3 Nd7 $146 ({RR} 11... Rc8 12. O-O Ne7 13. Nd4 O-O 14. a4 Bh7 15. a5 Nc6 16. Nxc6 Rxc6 17. Bd4 Qg5 18. Ra3 Qf5 19. b4 Nd3 20. g4 Qg6 21. f4 Qe4 22. Bf3 Qxf4 23. Bxd5 exd5 24. Rxf4 Nxf4 25. Be3 Nd3 26. Bd4 {Wei,Y (2743)-Navara,D (2740) Yancheng 2017 0-1 (41)}) 12. Nd4 Ne7 13. f4 Be4 14. O-O Nc6 15. Nxc6 bxc6 16. c4 O-O 17. cxd5 cxd5 18. b4 f6 19. exf6 Qxf6 20. Rc1 e5 21. Bd3 Qg6 22. Bxe4 Qxe4 23. Re1 d4 24. Qb3+ Kh8 25. Bd2 Qf5 26. Qh3 Qxh3 27. gxh3 exf4 28. Rc4 Rad8 29. Re6 Rf6 30. Re4 Nb6 31. Rcxd4 Rxd4 32. Rxd4 g5 33. h4 Kg7 34. hxg5 hxg5 35. h4 Kg6 36. Kg2 gxh4 37. Bxf4 Rc6 38. Kf3 Kf5 39. Be3 Rc3 40. Rf4+ Ke5 41. Rxh4 Nc4 42. Re4+ Kd5 43. Kf4 Nxe3 44. Rxe3 Rxe3 45. Kxe3 Kc4 46. a3 Kb3 47. Kd4 Kxa3 48. Kc5 Kb3 49. b5 axb5 50. Kxb5 1/2-1/2

[Event "Gashimov Memorial 5th"]
[Site "Shamkir"]
[Date "2018.04.21"]
[Round "3"]
[White "Mamedov, Rauf"]
[Black "Carlsen, Magnus"]
[Result "1/2-1/2"]
[WhiteElo "2704"]
[BlackElo "2843"]
[PlyCount "102"]
[EventDate "2018.04.19"]
[EventType "tourn"]
[EventRounds "9"]
[EventCountry "AZE"]
[EventCategory "21"]
[SourceTitle "CBM 184"]
[Source "ChessBase"]
[SourceDate "2018.05.16"]
[SourceVersion "1"]
[SourceVersionDate "2018.05.16"]
[SourceQuality "1"]

1. e4 d6 2. d4 Nf6 3. Nc3 g6 4. f4 Bg7 5. Nf3 c5 6. Bb5+ Bd7 7. e5 Ng4 8. Bxd7+ Qxd7 9. d5 dxe5 10. h3 e4 11. Nxe4 Nf6 12. Nxf6+ Bxf6 13. O-O O-O 14. c4 e6 15. Be3 $146 ({RR} 15. Ne5 Qd6 16. Qb3 Nd7 17. Qxb7 Nxe5 18. fxe5 Qxe5 19. Bh6 Rfb8 20. Qc6 Rc8 21. Qa6 Bg7 22. Bxg7 Kxg7 23. Rae1 Qd4+ 24. Kh1 Rf8 25. b3 exd5 26. Rd1 Qe3 27. Rxd5 Kg8 28. Qf6 Rae8 29. Qf2 Qc3 {Adorjan,A (2515)-Pfleger,H (2540) Lanzarote 1975 1-0 (37)}) ({RR} 15. Ne5 Qd6 16. Be3 exd5 17. cxd5 Rd8 18. Ng4 Bg7 19. Qb3 h5 20. Ne5 Nd7 21. Rad1 Nxe5 22. fxe5 Qxe5 23. Bxc5 Qxb2 24. Qf3 Rd7 25. Rf2 Qc3 26. Qxc3 Bxc3 27. Re2 b6 28. Ba3 Rad8 29. d6 f6 {Acs,P (2542)-Chernin,A (2583) Budapest 2000 0-1 (40)}) ({RR} 15. Ne5 Qd6 16. Qb3 b6 17. Qf3 Nd7 18. Nc6 Nb8 19. Ne5 Nd7 20. Nc6 Nb8 21. Ne5 Nd7 {½-½ (21) Renner,K (2153)-Muecke,L (1694) Verden an der Aller GER 2024}) ({RR} 15. dxe6 Qxe6 16. Qb3 Nc6 17. Bd2 Qd7 18. Rad1 Qc7 19. Rfe1 Rad8 20. Be3 b6 21. Qc2 Nb4 22. Qb1 Nc6 23. f5 Nd4 24. Nxd4 Bxd4 25. Bxd4 Rxd4 26. Rxd4 cxd4 27. Qd3 Qc5 28. f6 Qd6 29. Rf1 Re8 {Soboleva,A (1993)-Malin,A (1844) Voronezh 2013 1-0 (49)}) 15... exd5 16. cxd5 Rd8 17. Qc2 Na6 18. Rad1 Nb4 19. Qxc5 Nxd5 20. Bd4 Rac8 21. Qa3 Qf5 22. Bxf6 Qxf6 23. Qxa7 Nxf4 24. Rxd8+ Rxd8 25. Qe3 Nd5 26. Qb3 Nf4 27. Qe3 Nd5 28. Qb3 b6 29. Rd1 Nf4 30. Rxd8+ Qxd8 31. Qe3 g5 32. Kh2 h6 33. h4 Ne6 34. hxg5 hxg5 35. Qe4 Qf6 36. Qe5 Qg6 37. g4 Qd3 38. Kg3 b5 39. Kf2 Kf8 40. Qe2 Nf4 41. Qxd3 Nxd3+ 42. Ke3 Nxb2 43. Nxg5 Nd1+ 44. Kd4 Nf2 45. Nxf7 Kxf7 46. Kc5 Ne4+ 47. Kxb5 Nc3+ 48. Kc4 Nxa2 49. g5 Kg7 50. g6 Nb4 51. Kxb4 Kxg6 1/2-1/2